000 00566nam a22001817a 4500
005 20240827150717.0
010 _aENG-141474
020 _a9788178246789
_c695.00
035 _aEN-125006
037 _bDBAD
082 _a954.41
_21
100 _aDeshpande, Prachi
_970589
245 _aScripts of Power/
_cBy Prachi Deshpande,
260 _aRanikhet
_bPermanent Black
_c2023
270 _aHimalayana Mall Road,Ranikhet Cantt,
_bRanikhet
_e263645
_mperblack@gmail.com
300 _axii,315p.
_c21cm,(pb)
_bIndex
942 _2ddc
_cEN
_h954.41
_mDES
_e1
999 _c205306
_d205306